| 000 | 01952nam a2200469 i 4500 | ||
|---|---|---|---|
| 001 | 193096 | ||
| 003 | SpMaBN | ||
| 005 | 20251121165457.0 | ||
| 007 | ta | ||
| 008 | 230727s2008 sp a | ||||o000 0 spa | ||
| 015 | _aMON08 | ||
| 017 |
_aM 40989-2008 _bOficina Depósito Legal Madrid |
||
| 020 | _a9788492462049 | ||
| 024 | 7 |
_aNIPO 552-08-021-9 _2nipo |
|
| 035 | _a(OCoLC)434063072 | ||
| 035 | _aa4352945 | ||
| 040 |
_aSpMaBN _bspa _cSpMaBN _erdc _dES-MaACL |
||
| 080 |
_a091 _2summary |
||
| 080 | _a016:091=14 | ||
| 245 | 0 | 0 |
_aLecturas de Bizancio : _bel legado escrito de Grecia en España : [Madrid,15 de septiembre a 16 de noviembre de 2008] / _c[comisarios de la exposición, Miguel Cortés Arrese, Inmaculada Pérez Martín] |
| 260 |
_a[Madrid] : _bBiblioteca Nacional, _c2008 |
||
| 300 |
_a242 p. : _bil. col. y n. ; _c21 x 28 cm |
||
| 336 |
_2rdacontent _aTexto |
||
| 337 |
_2rdamedia _asin mediación |
||
| 338 |
_2rdacarrier _avolumen |
||
| 500 | _aExposición celebrada con motivo del VII Coloquio Internacional de Paleografía Griega | ||
| 500 | _aCatalogación provisional. Signatura: N 8572. Depósito J. | ||
| 504 | _aBibliografía: p. 219-238 | ||
| 650 | 7 |
_aManuscritos griegos _vExposiciones _2embne _9233940 |
|
| 655 | 7 |
_9193628 _aCatálogos de exposiciones |
|
| 700 |
_aCortés Arrese, Miguel, _d1951- _9233941 |
||
| 700 | 0 |
_aPérez Martín, Inmaculada _991003 |
|
| 710 | 2 |
_aBiblioteca Nacional (España) _92188 |
|
| 711 | 2 |
_aColoquio Internacional de Paleografía Griega _n(7º. _d2008. _cMadrid) _9233942 |
|
| 852 |
_aES-MaACL _9200404 _bR.153396 _jN-8572 _cDEPOJ _hDonación: Biblioteca Nacional de España _zEn proceso |
||
| 914 |
_aBiblioteca Nacional (España) _ednr _92188 |
||
| 942 |
_n0 _cMONOGRAFIA |
||
| 999 |
_c193096 _d193096 |
||